Normal view
MARC view
Entry Topical Term
001 - CONTROL NUMBER
- control field: 43971
003 - CONTROL NUMBER IDENTIFIER
- control field: ARRUPE
005 - DATE AND TIME OF LATEST TRANSACTION
- control field: 20190111094431.0
008 - FIXED-LENGTH DATA ELEMENTS
- fixed length control field: 190111|| aca||aabn | a|a d
040 ## - CATALOGING SOURCE
- Original cataloging agency: ARRUPE
- Transcribing agency: ARRUPE
150 ## - HEADING--TOPICAL TERM
- Topical term or geographic name as entry element: Metal-work, Prehistoric
- Geographic subdivision: Africa.
670 ## - SOURCE DATA FOUND
- Source citation: Work cat.: (ARRUPE)0: Bisson, Michael S. 43969, Ancient African metallurgy :, c2000.